Ways to grow : (Record no. 2971)

MARC details
000 -LEADER
fixed length control field 01374pam a2200361 a 4500
001 - CONTROL NUMBER
control field 1164253
003 - CONTROL NUMBER IDENTIFIER
control field GBCCL
005 - DATE AND TIME OF LATEST TRANSACTION
control field 20241126110444.0
008 - FIXED-LENGTH DATA ELEMENTS--GENERAL INFORMATION
fixed length control field 960814s1997 mou b 000 0 eng
010 ## -
-- 96041015
020 ## - INTERNATIONAL STANDARD BOOK NUMBER
International Standard Book Number 0570048877
040 ## - CATALOGING SOURCE
Original cataloging agency DLC
Transcribing agency DLC
Modifying agency DLC
042 ## -
-- lcac
050 00 -
-- BV4526.2
-- .W45 1997
082 00 - DEWEY DECIMAL CLASSIFICATION NUMBER
Classification number 249
Edition information 20
Item number WEI
100 1# - MAIN ENTRY--PERSONAL NAME
Personal name Weisheit, Eldon.
9 (RLIN) 1666
245 10 - TITLE STATEMENT
Title Ways to grow :
Remainder of title 101 virtue-building devotions /
Statement of responsibility, etc. Eldon Weisheit.
260 ## - PUBLICATION, DISTRIBUTION, ETC.
Place of publication, distribution, etc. St. Louis :
Name of publisher, distributor, etc. CPH,
Date of publication, distribution, etc. c1997.
300 ## - PHYSICAL DESCRIPTION
Extent 221 p. ;
Dimensions 21 cm.
520 ## - SUMMARY, ETC.
Summary, etc. A collection of devotions based on real-life situations, focusing on relationships, moral issues, and life's struggles in the light of Jesus and his resurrection.
650 #0 - SUBJECT ADDED ENTRY--TOPICAL TERM
Topical term or geographic name entry element Families
Form subdivision Prayers and devotions.
9 (RLIN) 6191
650 #0 - SUBJECT ADDED ENTRY--TOPICAL TERM
Topical term or geographic name entry element Virtues
Form subdivision Meditations.
9 (RLIN) 6192
650 #0 - SUBJECT ADDED ENTRY--TOPICAL TERM
Topical term or geographic name entry element Christian education
General subdivision Home training.
9 (RLIN) 1688
650 #0 - SUBJECT ADDED ENTRY--TOPICAL TERM
Topical term or geographic name entry element Children
General subdivision Religious life.
9 (RLIN) 2307
650 #0 - SUBJECT ADDED ENTRY--TOPICAL TERM
Topical term or geographic name entry element Children
General subdivision Conduct of life.
9 (RLIN) 6193
650 #0 - SUBJECT ADDED ENTRY--TOPICAL TERM
Topical term or geographic name entry element Christian education of children.
9 (RLIN) 4421
650 #1 - SUBJECT ADDED ENTRY--TOPICAL TERM
Topical term or geographic name entry element Prayer books and devotions.
9 (RLIN) 2800
650 #1 - SUBJECT ADDED ENTRY--TOPICAL TERM
Topical term or geographic name entry element Christian life.
9 (RLIN) 183
650 #1 - SUBJECT ADDED ENTRY--TOPICAL TERM
Topical term or geographic name entry element Conduct of life.
9 (RLIN) 524
906 ## - LOCAL DATA ELEMENT F, LDF (RLIN)
a 7
b cbc
c orignew
d 1
e ocip
f 19
g y-gencatlg
942 ## - ADDED ENTRY ELEMENTS (KOHA)
Source of classification or shelving scheme Dewey Decimal Classification
Koha item type Books
Koha issues (borrowed), all copies 4
Holdings
Withdrawn status Lost status Source of classification or shelving scheme Damaged status Not for loan Home library Current Library Shelving location Date acquired Total checkouts Full call number Barcode Date last seen Date last checked out Copy number Price effective from Koha item type
    Dewey Decimal Classification     GRACE BIBLE COLLEGE GRACE BIBLE COLLEGE Ministry & Mission 2017-10-10 2 249 WEI 011273 2025-05-01 2023-09-12 c.1 2017-10-10 Books
    Dewey Decimal Classification     GRACE BIBLE COLLEGE GRACE BIBLE COLLEGE Ministry & Mission 2017-10-10   249 WEI 011274 2025-05-01   c.2 2017-10-10 Books
    Dewey Decimal Classification     GRACE BIBLE COLLEGE GRACE BIBLE COLLEGE Ministry & Mission 2017-10-10 1 249 WEI 011275 2025-05-01 2024-09-10 c.3 2017-10-10 Books
    Dewey Decimal Classification     GRACE BIBLE COLLEGE GRACE BIBLE COLLEGE Ministry & Mission 2017-10-10 1 249 WEI 011276 2025-05-01 2024-09-26 c.4 2017-10-10 Books
© Grace Bible College Library 2025